000 00496nam a2200181Ia 4500
005 20250326124659.0
008 250326s9999 xx 000 0 und d
037 _aTextbook
040 _aFMSL
_beng
_cFMSL
041 _aeng
_2eng
084 _aX:87 L11
_qFMSL
100 _aFordyce J K
_9737782
245 0 _aManaging with people
_cFordyce J K; Weil R
260 _aLondon
_bLondon, Addison-Wesley
_c1971
300 _a192p
942 _cTB
_hX:87 L11
999 _c1274723
_d1274723